| 000 | 00000cam 2200000zi 4500 |
| 001 | 9.558157 |
| 003 | CaOODSP |
| 005 | 20250410165338 |
| 007 | cr ||||||||||| |
| 008 | 150406s2003||||xxc|||||o f|0| 0 eng d |
| 020 | |a0-662-32409-9 |
| 022 | |a1205-9153 |
| 040 | |aCaOODSP|beng |
| 043 | |an-cn--- |
| 086 | 1 |aCS11-0019/193E-PDF |
| 100 | 1 |aBaldwin, John R. |eauthor.|q(John Russel) |
| 245 | 10|aPlant turnover and productivity growth in Canadian manufacturing / |cby John R. Baldwin and Wulong Gu. |
| 260 | |aOttawa, Ontario : |bStatistics Canada, |cApril 2003. |
| 300 | |a1 online resource (60 pages) : |bgraphs, tables. |
| 336 | |atext|btxt|2rdacontent |
| 337 | |acomputer|bc|2rdamedia |
| 338 | |aonline resource|bcr|2rdacarrier |
| 490 | 1 |aAnalytical Studies Branch research paper series ; |x1205-9153|vNo. 193 |
| 504 | |aIncludes bibliographical references. |
| 590 | |a12-34-Supp|b2012-07-31 |
| 710 | 2 |aStatistics Canada, |eissuing body. |
| 775 | 08|tRoulement des usines et croissance de la productivité dans le secteur canadien de la fabrication / |w(CaOODSP)9.591084 |
| 830 | #0|aResearch paper series (Statistics Canada. Analytical Studies Branch)|x1205-9153|vNo. 193|w(CaOODSP)9.504421 |
| 856 | 40|ahttp://publications.gc.ca|qPDF|s485 KB|uhttps://publications.gc.ca/collections/collection_2012/statcan/11f0019m/11f0019m2003193-eng.pdf|yNo. 193 |